| 000 | 00352nam a22001457a 4500 | ||
|---|---|---|---|
| 003 | SGT | ||
| 020 | _a9789353066529 | ||
| 082 | _a621.3,TRI | ||
| 100 | _aTRISHNAS | ||
| 245 | _aTOPIC-WISE PRACTICE TESTS FOR GATE ELECTRICAL ENGINEERING | ||
| 260 |
_aCHENNAI _bPEARSON _c2019 |
||
| 300 | _a4.76 | ||
| 650 | _a ELECTRICAL ENGINEERING | ||
| 942 |
_2ddc _cBK |
||
| 999 |
_c18455 _d18455 |
||